[Event "Klubbmesterskap, klasse 2"]
[Site "Ås"]
[Date "1991.??.??"]
[Round "?"]
[White "Køhler, Torbjørn"]
[Black "Skaug, Thorbjørn"]
[Result "1/2-1/2"]
[WhiteElo "1178"]
[BlackElo "1145"]
[PlyCount "90"]
[EventDate "1991.02.05"]

1. e4 e6 2. d4 a6 3. Nf3 b5 4. Bd3 c5 5. b3 Nf6 6. Bg5 h6 7. Bh4 Qa5+ 8. Qd2
Qxd2+ 9. Nbxd2 cxd4 10. Nxd4 Be7 11. f4 Bb7 12. O-O-O Nc6 13. Nxc6 Bxc6 14. e5
Nd5 15. Bxe7 Nxe7 16. Be4 Nd5 17. Bxd5 Bxd5 18. Rhg1 O-O 19. Nf1 Rac8 20. Ne3
Bc6 21. Rd4 Rfd8 22. g3 Rc7 23. a3 a5 24. Kb2 Ra8 25. c4 b4 26. axb4 axb4 27.
Ra1 Rxa1 28. Kxa1 Ra7+ 29. Kb2 Kf8 30. Nc2 Rb7 31. c5 Rb5 32. Nxb4 Rxc5 33.
Nxc6 dxc6 34. Rc4 Rxc4 35. bxc4 Ke7 36. Kb3 Kd7 37. Kb4 Kc7 38. Kc5 Kd7 39. h3
g6 40. g4 Ke7 41. h4 h5 42. gxh5 gxh5 43. Kd4 Kd7 44. c5 Ke7 45. Ke4 f5+
1/2-1/2

[Event "Høstturnering"]
[Site "Ås"]
[Date "1991.09.10"]
[Round "1"]
[White "Lea, Per"]
[Black "Mielnik, Jan"]
[WhiteElo "1569"]
[BlackElo "1103"]
[PlyCount "61"]m
[Result "1-0"]
[EventDate "1991.09.10]

1.e4 e5 2.Nf3 Nc6 3.Bc4 h6 4.d4 d6 5.dxe5 dxe5 6.Qxd8+ Nxd8 7.Nxe5
Bd6 8.Bf4 Bxe5 9.Bxe5 Ne6 10.Bxe6 Bxe6 11.Bxg7 Rh7 12.Bc3 O-O-O 13.
Nd2 h5 14.O-O-O Rd7 15.Nf3 Rxd1+ 16.Rxd1 Bg4 17.Rd3 f5 18.e5 Rd7 19.
Rxd7 Kxd7 20.Nd4 f4 21.f3 Be6 22.Ne2 h4 23.Nxf4 Ne7 24.Nxe6 Kxe6 25.
Kd2 Nd5 26.g3 h3 27.f4 c6 28.Bd4 a6 29.c4 Ne7 30.g4 Ng6 31.f5+
1-0

[Event "Høstturnering"]
[Site "Ås"]
[Date "1991.09.19"]
[Round "1"]
[White "Hanssen, Fredrik"]
[Black "Hellberg, Lars"]
[Result "1-0"]
[WhiteElo "1033"]
[BlackElo "1405"]
[PlyCount "117"]
[EventDate "1991.09.10]

1. e4 e5 2. Nf3 Nf6 3. Nc3 d5 4. exd5 e4 5. Nd4 Bc5 6. Nb3 Bb6 7. d4 exd3 8.
Bxd3 O-O 9. O-O c6 10. dxc6 Nxc6 11. Bg5 h6 12. Bh4 Ne5 13. Bxf6 Qxf6 14. Nd5
Qg5 15. Nxb6 Bh3 16. Be4 Bg4 17. f4 Qf6 18. fxe5 Qxb6+ 19. Qd4 Qc7 20. Bxb7
Qxb7 21. Qxg4 Rad8 22. e6 Qb6+ 23. Kh1 fxe6 24. Rxf8+ Rxf8 25. Qe2 Rf2 26. Qc4
Qe3 27. Rf1 Qe4 28. Qc8+ Kh7 29. Rg1 Rxc2 30. Qd7 Rxb2 31. Nc5 Qg6 32. Qxe6 Qb1
33. Qe4+ Qxe4 34. Nxe4 Rxa2 35. Nc5 a5 36. h3 a4 37. Rb1 a3 38. Nb3 Rb2 39.
Rxb2 axb2 40. Nd2 Kg6 41. Kg1 Kf5 42. Kf2 g5 43. Kf3 Kf6 44. g4 Kg6 45. Ke4 h5
46. Nb1 h4 47. Ke5 Kg7 48. Kf5 Kh6 49. Nd2 Kg7 50. Kxg5 Kh7 51. Kf6 Kg8 52. g5
Kf8 53. g6 Kg8 54. g7 b1=Q 55. Nxb1 Kh7 56. Kf7 Kh6 57. g8=Q Kh5 58. Kf6 Kh6
59. Qg6# 1-0

[Event "Høstturnering"]
[Site "Ås"]
[Date "1991.09.19"]
[Round "1"]
[White "Skaug, Torbjørn"]
[Black "Weberg, Øyvind"]
[Result "0-1"]
[WhiteElo "1143"]
[BlackElo "1622"]
[PlyCount "84"]
[EventDate "1991.09.10]

1. b4 Nf6 2. Bb2 e6 3. b5 a6 4. c4 axb5 5. cxb5 d5 6. e3 Be7 7. Nf3 O-O 8. d4
Nbd7 9. Bd3 Nb6 10. Nc3 Bd7 11. a4 Bb4 12. O-O Nc4 13. Bxc4 dxc4 14. Ne5 Nd5
15. Qc2 Nb6 16. Ne4 c6 17. bxc6 Bxc6 18. Nxc6 bxc6 19. Nd2 Bxd2 20. Qxd2 Nxa4
21. Qb4 Nxb2 22. Qxb2 Qd5 23. Qc3 c5 24. Ra5 Rxa5 25. Qxa5 cxd4 26. Qxd5 exd5
27. exd4 Rc8 28. Rc1 Kf8 29. Kf1 Ke7 30. Ke2 Ke6 31. Rc3 Re8 32. Re3+ Kd7 33.
Kd2 Re6 34. Kc3 Rxe3+ 35. fxe3 f5 36. h3 Ke6 37. Kb4 Kf6 38. g3 g5 39. Kc3 f4
40. gxf4 gxf4 41. exf4 Kf5 42. Kd2 Kxf4 0-1

[Event "Høstturnering"]
[Site "Ås"]
[Date "1991.09.24"]
[Round "2"]
[White "Køhler, Torbjørn"]
[Black "Lea, Per"]
[Result "0-1"]
[WhiteElo "1146"]
[BlackElo "1569"]
[PlyCount "70"]
[EventDate "1991.09.10]

1. e4 e5 2. Nf3 Nc6 3. Bc4 Nf6 4. d4 exd4 5. Nxd4 Nxe4 6. Nxc6 bxc6 7. Qe2 Qe7
8. Nd2 Nxd2 9. Qxe7+ Bxe7 10. Bxd2 d5 11. Bd3 O-O 12. Bf4 Bf6 13. O-O-O Rb8 14.
b3 Rb7 15. g3 Be6 16. Rde1 c5 17. h3 c4 18. Be2 cxb3 19. cxb3 a5 20. Bg4 a4 21.
Bxe6 fxe6 22. Rxe6 axb3 23. axb3 Rxb3 24. Rhe1 Kf7 25. Rc6 Rc3+ 26. Rxc3 Bxc3
27. Re2 c5 28. Bd6 Rc8 29. Kc2 d4 30. Re4 Rd8 31. Bxc5 d3+ 32. Kxc3 d2 33. Re7+
Kf6 34. Bd4+ Rxd4 35. Kxd4 d1=Q+ 0-1

[Event "Høstturnering"]
[Site "Ås"]
[Date "1991.09.24"]
[Round "2"]
[White "Weberg, Øyvind"]
[Black "Isaksson, Tomas"]
[Result "1-0"]
[WhiteElo "1622"]
[BlackElo "1263"]
[PlyCount "65"]
[EventDate "1991.09.10"]

1. e4 e5 2. Nf3 Nc6 3. Bb5 a6 4. Ba4 b5 5. Bb3 Nf6 6. O-O d6 7. Ng5 d5 8. exd5
Na5 9. Re1 Bd6 10. d4 Nxb3 11. axb3 Nxd5 12. dxe5 Be7 13. e6 Bxg5 14. exf7+
Kxf7 15. Qh5+ g6 16. Qxg5 Nb4 17. Na3 Bf5 18. Bf4 Qxg5 19. Bxg5 Rhe8 20. Be3
Bxc2 21. Rac1 Nd3 22. Nxc2 Nxc1 23. Rxc1 Rad8 24. Nb4 Re6 25. Rxc7+ Kg8 26. Kf1
a5 27. Nc6 Ra8 28. Ke2 a4 29. b4 Kf8 30. Kd3 a3 31. bxa3 Rxa3+ 32. Kd4 Ra6 33.
Kc5 1-0

[Event "Høstturnering"]
[Site "Ås"]
[Date "1991.09.24"]
[Round "2"]
[White "Furnes, Torstein"]
[Black "Hanssen, Fredrik"]
[Result "0-1"]
[WhiteElo "1378"]
[BlackElo "1033"]
[PlyCount "82"]
[EventDate "1991.09.10]

1. e4 b6 2. Nf3 Bb7 3. Nc3 Nf6 4. d3 e6 5. Bg5 Be7 6. g3 h6 7. Bd2 c6 8. Bg2 d5
9. O-O dxe4 10. Nxe4 Nxe4 11. dxe4 Nd7 12. c4 O-O 13. Qc2 c5 14. Rad1 Qc7 15.
Bc3 Rad8 16. Rd2 Nf6 17. Rxd8 Rxd8 18. Ne5 Nd7 19. f4 Bf6 20. Ng4 Bxc3 21. Qxc3
Nf8 22. Qc2 Ng6 23. f5 exf5 24. exf5 Bxg2 25. Qxg2 Ne5 26. Qe4 Nxg4 27. Qxg4
Rd4 28. Qe2 Kf8 29. f6 g6 30. Qe3 g5 31. h4 Rg4 32. Rf3 Qd6 33. hxg5 hxg5 34.
Kg2 Qe6 35. Qxe6 fxe6 36. b3 Kf7 37. Rd3 Rd4 38. Rf3 Rd2+ 39. Kh3 Rxa2 40. Kg4
Re2 41. Kxg5 a6 0-1

[Event "Høstturnering"]
[Site "Ås"]
[Date "1991.09.24"]
[Round "2"]
[White "Wilberg, Alf"]
[Black "Grønvold, Jan"]
[Result "*"]
[WhiteElo "1517"]
[BlackElo "1341"]
[PlyCount "48"]
[EventDate "1991.09.10"]

1. d4 d5 2. Nf3 Nf6 3. Bf4 Bg4 4. e3 e6 5. c4 c5 6. Qa4+ Nc6 7. Ne5 Qb6 8. Nd2
Be7 9. Bg5 Bf5 10. Nb3 Qb4+ 11. Qxb4 Nxb4 12. Kd1 Ne4 13. Bxe7 Kxe7 14. Ke2
cxd4 15. Nxd4 dxc4 16. Nxf5+ exf5 17. a3 Nd3 18. Nxd3 cxd3+ 19. Kf3 Rad8 20.
Rd1 d2 21. Ke2 Rd6 22. f3 Nc5 23. Rxd2 Rhd8 24. Rxd6 Rxd6 *

[Event "Høstturnering"]
[Site "Ås"]
[Date "1991.09.24"]
[Round "2"]
[White "Jørgensen, Trygve"]
[Black "Skaug, Thorbjørn"]
[Result "0-1"]
[WhiteElo "740"]
[BlackElo "1143"]
[PlyCount "64"]
[EventDate "1991.09.10]

1. e4 Nf6 2. Nc3 d5 3. exd5 Nxd5 4. d4 Nxc3 5. bxc3 Bf5 6. Rb1 b6 7. Nh3 Nd7 8.
Bd3 Bxh3 9. gxh3 e6 10. Rg1 g6 11. Be4 Rb8 12. Bd3 Bd6 13. Bg5 Nf6 14. Qf3 Be7
15. Bb5+ Nd7 16. Bc1 Bd6 17. Bg5 Be7 18. Bf4 g5 19. Be5 Rg8 20. h4 h6 21. hxg5
Rxg5 22. Kf1 Rxg1+ 23. Kxg1 Bg5 24. Qg3 Qc8 25. h4 Be7 26. Qg8+ Bf8 27. Qg3 Kd8
28. Bg7 Bd6 29. Qg4 c6 30. Bd3 Kc7 31. Bxh6 Qg8 32. Qg3 $4 Bxg3 0-1

[Event "Høstturnering"]
[Site "Ås"]
[Date "1991.10.08"]
[Round "3"]
[White "Lea, Per"]
[Black "Weberg, Øyvind"]
[WhiteElo "1569"]
[BlackElo "1622"]
[PlyCount "102"]
[Result "0-1"]
[EventDate "1991.09.10]

1.e4 e5 2.Nf3 d6 3.d4 exd4 4.Qxd4 Nc6 5.Bb5 Bd7 6.Bxc6 Bxc6 7.O-O
Qf6 8.Re1 Qxd4 9.Nxd4 O-O-O 10.Nxc6 bxc6 11.c4 g6 12.Nc3 Bg7 13.Bd2
Nf6 14.Rad1 Nd7 15.b3 Rhe8 16.Nb1 Re7 17.Bc3 f6 18.Rd3 Rde8 19.Rde3
Nc5 20.Nd2 a6 21.b4 Nd7 22.Nb3 Ne5 23.c5 Kd7 24.f3 f5 25.exf5 gxf5
26.Rd1 f4 27.Re4 Nxf3+ 28.gxf3 Rxe4 29.fxe4 Bxc3 30.cxd6 Bxb4 31.
dxc7+ Kxc7 32.Rd4 c5 33.Rc4 Kb6 34.e5 Rxe5 35.Rxf4 a5 36.Kf2 Kb5 37.
Rf7 h5 38.Rb7+ Ka4 39.Kf3 Ka3 40.Ra7 c4 41.Nd4 Kxa2 42.Nc6 Rb5 43.
Nxb4+ Rxb4 44.Rxa5+ Kb2 45.Rxh5 c3 46.Rc5 c2 47.Kg3 c1=Q 48.Rxc1 Kxc1
49.h4 Kd2 50.Kh3 Ke3 51.Kg3 Rf4
0-1

[Event "Høstturnering"]
[Site "Ås"]
[Date "1991.10.01"]
[Round "3"]
[White "Samset, Jon"]
[Black "Hellberg, Lars"]
[Result "1-0"]
[WhiteElo "1017"]
[BlackElo "1405"]
[PlyCount "61"]
[EventDate "1991.09.10]

1. c4 e6 2. Nf3 b6 3. g3 Bb7 4. Bg2 d6 5. O-O Be7 6. e3 f5 7. d4 Nf6 8. Nbd2
O-O 9. Re1 Qd7 10. b3 Ne4 11. Bb2 Bf6 12. Rb1 Qf7 13. Nxe4 fxe4 14. Nd2 d5 15.
Rf1 Nd7 16. Rc1 c5 17. a3 Rac8 18. Rc2 a6 19. Qe2 e5 20. cxd5 Bxd5 21. dxe5
Nxe5 22. Bxe5 Bxe5 23. Qxa6 Bxb3 24. Rcc1 Ra8 25. Qxb6 Rxa3 26. Rxc5 Ra1 27.
Qxb3 Rxf1+ 28. Bxf1 Qxb3 29. Nxb3 Rb8 30. Rxe5 Rxb3 31. Bc4+ 1-0

[Event "Høstturnering"]
[Site "Ås"]
[Date "1991.10.24"]
[Round "3"]
[White "Isaksson, Tomas"]
[Black "Wilberg, Alf"]
[Result "1/2-1/2"]
[WhiteElo "1263"]
[BlackElo "1517"]
[PlyCount "82"]
[EventDate "1991.09.10]

1. e4 c6 2. d4 d5 3. Nc3 dxe4 4. Nxe4 Nf6 5. Nxf6+ gxf6 6. Nf3 Bf5 7. Bc4 e6 8.
O-O Bd6 9. Nh4 Bg6 10. Bh6 Nd7 11. f4 Qc7 12. Qd2 O-O-O 13. b4 Rhg8 14. a4 Be4
15. Bd3 Bxd3 16. Qxd3 Nf8 17. Qd2 Ng6 18. Nf3 Nxf4 19. g3 Nh5 20. Kf2 Nxg3 21.
hxg3 Bxg3+ 22. Ke2 e5 23. c3 exd4 24. Nxd4 Qe5+ 25. Be3 Rge8 26. Qd3 Qh5+ 27.
Kd2 Qh2+ 28. Kc1 Qg2 29. Qf5+ Kb8 30. Bf4+ Ka8 31. Bxg3 Qxg3 32. Kc2 Rxd4 33.
cxd4 Qd6 34. Rae1 Rg8 35. Rg1 Rf8 36. Qxh7 Qxb4 37. Rg8 Qxa4+ 38. Kd3 Qb3+ 39.
Ke2 Qc4+ 40. Kf2 Qxd4+ 41. Re3 Qd2+ 1/2-1/2

[Event "Høstturnering"]
[Site "Ås"]
[Date "1991.10.24"]
[Round "3"]
[White "Grønvold, Jan"]
[Black "Furnes, Torstein"]
[Result "0-1"]
[WhiteElo "1342"]
[BlackElo "1378"]
[PlyCount "96"]
[EventDate "1991.09.10"]

1. e4 c5 2. Nc3 Nc6 3. g3 e6 4. Bg2 Nf6 5. d3 d5 6. Bg5 d4 7. Nce2 Be7 8. Nf3
e5 9. O-O Be6 10. c3 Rc8 11. cxd4 cxd4 12. Qa4 O-O 13. a3 Qb6 14. b4 h6 15. Bd2
a6 16. h3 Nd7 17. Nh2 Rc7 18. f4 f6 19. Nf3 Na7 20. f5 Bf7 21. Rfc1 Rfc8 22.
Rxc7 Rxc7 23. Rc1 Nb5 24. Rxc7 Qxc7 25. g4 Nb6 26. Qa5 Bb3 27. Nfxd4 exd4 28.
a4 Bxa4 29. Nf4 Bb3 30. Ne6 Bxe6 31. fxe6 Qd6 32. Qa2 Nc7 33. e5 Qxe5 34. Qc2
Nxe6 35. Bxb7 Nf4 36. Qb3+ Kh8 37. Qf7 Nxh3+ 38. Kf1 Qd6 39. Qe8+ Bf8 40. Kg2
Ng5 41. Bxa6 Qe7 42. Qc6 Qe2+ 43. Kg3 Qxd2 44. Qxb6 Qe3+ 45. Kg2 Qf3+ 46. Kh2
Qf2+ 47. Kh1 Nf3 48. Qxd4 Qh2# 0-1

[Event "Høstturnering"]
[Site "Ås"]
[Date "1991.10.24"]
[Round "3"]
[White "Skaug, Thorbjørn"]
[Black "Hanssen, Jon Fredrik"]
[Result "1-0"]
[WhiteElo "1143"]
[BlackElo "985"]
[PlyCount "79"]
[EventDate "1991.09.10"]

1. b4 e5 2. Bb2 d6 3. c4 Bd7 4. e3 Nf6 5. Nf3 Be7 6. b5 c6 7. a4 a6 8. Nc3 O-O
9. Be2 h6 10. O-O c5 11. h3 a5 12. d3 b6 13. e4 Be6 14. Qc2 Nbd7 15. Nd2 Kh8
16. f4 exf4 17. Rxf4 Qc7 18. Rf2 Ne5 19. Nd5 Nxd5 20. cxd5 Bd7 21. Nf3 Bf6 22.
Nxe5 dxe5 23. Rd1 Rae8 24. d4 Qd6 25. dxc5 bxc5 26. Ba3 Rc8 27. Qc3 Qb6 28. Rc1
Be7 29. Qc4 f5 30. exf5 Rxf5 31. Rxf5 Bxf5 32. Kh1 Bd6 33. Rf1 Bg6 34. Bg4 Rc7
35. Be6 Re7 36. Rf8+ Kh7 37. Bg8+ Kh8 38. Bf7+ Kh7 39. Bxg6+ Kxg6 40. Qe4+ 1-0

[Event "Høstturnering"]
[Site "Ås"]
[Date "1991.10.15"]
[Round "3"]
[White "Olsen, Trygve"]
[Black "Mielnik, Jan"]
[Result "1-0"]
[WhiteElo "1266"]
[BlackElo "1103"]
[PlyCount "61"]
[EventDate "1991.09.10"]

1. d4 d5 2. c4 dxc4 3. e4 Nf6 4. e5 Nd5 5. Bxc4 g6 6. Qf3 e6 7. Nh3 Nc6 8. Ng5
Qd7 9. Be3 a6 10. O-O h6 11. Ne4 Qe7 12. Bxd5 exd5 13. Nf6+ Kd8 14. Qxd5+ Bd7
15. f4 Kc8 16. Nc3 Nb4 17. Qc4 b5 18. Qb3 Qe6 19. d5 Qe7 20. a3 Nd3 21. d6 cxd6
22. Ncd5 Qe6 23. Qxd3 Kb7 24. Nb6 Rd8 25. Nbxd7 Rxd7 26. Nxd7 Qxd7 27. Qd4 Ka8
28. Qd5+ Kb8 29. Rac1 Be7 30. Rc6 Rc8 31. Rb6+ 1-0

[Event "Høstturnering"]
[Site "Ås"]
[Date "1991.10.15"]
[Round "4"]
[White "Weberg, Øyvind"]
[Black "Furnes, Harald"]
[Result "1-0"]
[WhiteElo "1622"]
[BlackElo "1569"]
[Annotator "Lea,Per"]
[PlyCount "96"]
[EventDate "1991.09.10"]

1. c4 Nf6 2. Nc3 d5 3. cxd5 Nxd5 4. g3 e6 5. Bg2 Be7 6. Nf3 O-O 7. O-O Nd7 8.
d3 N7f6 9. Bd2 a6 10. Rc1 Rb8 11. a3 b6 12. Qc2 c5 13. Rfd1 Bb7 14. e4 Nc7 15.
d4 c4 16. Bf4 b5 17. Rd2 Rc8 18. Rcd1 Qe8 19. Ng5 g6 20. Bh3 Nh5 21. Be3 Rd8
22. Bg2 Ba8 23. Nh3 Bf6 24. f4 Bg7 25. d5 exd5 26. Bc5 Ne6 (26... d4 27. Bxf8
d3 28. Qc1 Bxf8 $17) 27. Bxf8 Qxf8 28. Nxd5 Re8 29. e5 a5 30. Nf2 f6 31. f5
gxf5 32. Qxf5 Qf7 33. Bf3 Ng5 34. Nxf6+ Bxf6 35. Bxa8 Rxe5 36. Qg4 Ng7 37. Bd5
N5e6 38. Qh3 Qe7 39. Ng4 Rh5 40. Nxf6+ Qxf6 41. Bxe6+ Qxe6 42. Qxe6+ Nxe6 43.
Rd5 Rxd5 44. Rxd5 b4 45. Rxa5 c3 46. bxc3 bxa3 47. Rxa3 Kf7 48. Ra7+ Kg6 1-0

[Event "Høstturnering"]
[Site "Ås"]
[Date "1991.10.15"]
[Round "4"]
[White "Skaug, Thorbjørn"]
[Black "Olsen, Trygve"]
[Result "1-0"]
[WhiteElo "1143"]
[BlackElo "1266"]
[Annotator "Lea,Per"]
[PlyCount "109"]
[EventDate "1991.09.10"]

1. b4 d5 2. Bb2 d4 3. b5 e5 4. Nf3 Qf6 5. e4 Bc5 6. d3 Nh6 7. h3 c6 8. c4 O-O
9. Nbd2 a6 10. a4 a5 11. Be2 Qd6 12. O-O f5 13. Ng5 Qf6 14. Ndf3 f4 15. h4 Ng4
16. Nxh7 Qh6 17. Nxf8 Kxf8 18. Bc1 Be7 19. g3 g5 20. Kg2 gxh4 21. gxh4 Bxh4 22.
Rh1 Nxf2 23. Rxh4 Qg6+ 24. Kxf2 Qg3+ 25. Kf1 Kg7 26. Qe1 Bh3+ 27. Rxh3 Qxh3+
28. Kg1 Qg4+ 29. Kh2 Nd7 30. Nh4 Qg5 31. Qg1 Kf6 32. Qxg5+ Kxg5 33. Nf3+ Kf6
34. Kg2 Rg8+ 35. Kf2 Nc5 36. Bxf4 exf4 37. Nxd4 Ke5 38. Nf3+ Kd6 39. e5+ Ke6
40. bxc6 bxc6 41. Nd4+ Kxe5 42. Nxc6+ Kd6 43. Nxa5 Ra8 44. Nb7+ (44. Nc6 Kxc6
45. Bf3+ $18) 44... Nxb7 45. Bf3 Ra7 46. Bxb7 Rxb7 47. Ra3 Kc5 48. Kf3 Rd7 49.
Kxf4 Kb4 50. Ra1 Rxd3 51. a5 Rd4+ 52. Ke5 Rxc4 53. a6 Rc8 54. Kd6 Kb5 55. a7
1-0

[Event "Høstturnering"]
[Site "Ås"]
[Date "1991.10.17"]
[Round "4"]
[White "Furnes, Torstein"]
[Black "Lea, Per"]
[Result "0-1"]
[WhiteElo "1378"]
[BlackElo "1569"]
[PlyCount "40"]
[EventDate "1991.09.10]

1. e4 e5 2. f4 d5 3. exd5 e4 4. d3 Nf6 5. dxe4 Nxe4 6. Qe2 Bf5 7. Nd2 Bb4 8. c3
O-O 9. Nxe4 Re8 10. cxb4 Rxe4 11. Be3 Qe7 12. Kf2 Nd7 13. Qd2 Nf6 14. h3 Rxf4+
15. Ke2 Ne4 16. Qc2 Ng3+ 17. Kd2 Rxf1 18. Qc4 Rxa1 19. Qf4 Nxh1 20. Qxf5 Ng3
0-1

[Event "Høstturnering"]
[Site "Ås"]
[Date "1991.10.15"]
[Round "4"]
[White "Køhler, Torbjørn"]
[Black "Samset, Jon"]
[Result "0-1"]
[WhiteElo "1146"]
[BlackElo "1017"]
[PlyCount "54"]
[EventDate "1991.09.10"]

1. e4 e5 2. Nf3 Nc6 3. Bc4 Bc5 4. d3 h6 5. O-O Nf6 6. Nc3 O-O 7. Ne2 d6 8. h3
Be6 9. Bxe6 fxe6 10. c3 d5 11. b4 dxe4 12. dxe4 Bd6 13. Qd3 Rf7 14. Bb2 Qe7 15.
a3 a6 16. c4 b6 17. Bc3 Qf8 18. Ra2 Rd7 19. Rd1 Bxb4 20. Qb1 Rxd1+ 21. Qxd1
Bxc3 22. Nxc3 Qc5 23. Qe2 Nd4 24. Nxd4 Qxd4 25. Nb1 Nxe4 26. Kf1 Rf8 27. f3
Ng3+ 0-1

[Event "Høstturnering"]
[Site "Ås"]
[Date "1991.10.22"]
[Round "5"]
[White "Lea, Per"]
[Black "Skaug, Thorbjørn"]
[Result "1-0"]
[WhiteElo "1569"]
[BlackElo "1143"]
[PlyCount "65"]
[EventDate "1991.09.10]

1. e4 Nf6 2. e5 Nd5 3. d4 d6 4. c4 Nb6 5. f4 dxe5 6. fxe5 Bf5 7. Be3 e6 8. Nf3
Be7 9. Bd3 Bg4 10. O-O O-O 11. Qc2 g6 12. Nbd2 N8d7 13. h3 Bxf3 14. Nxf3 f5 15.
exf6 Rxf6 16. Ne5 Nxe5 17. dxe5 Rxf1+ 18. Rxf1 Qe8 19. Qe2 Nd7 20. Qg4 Bc5 21.
Bxc5 Nxc5 22. Bc2 Nd7 23. Qd4 Qe7 24. Rd1 Qc5 25. Qxc5 Nxc5 26. b4 Na6 27. a3
c6 28. Rd7 Rb8 29. Re7 Rd8 30. Rxb7 Rd2 31. Ba4 Ra2 32. Rxa7 Nxb4 33. axb4 1-0

[Event "Høstturnering"]
[Site "Ås"]
[Date "1991.10.29"]
[Round "5"]
[White "Grønvold, Jan"]
[Black "Hellberg, Lars"]
[Result "0-1"]
[WhiteElo "1342"]
[BlackElo "1405"]
[Annotator "Lea,Per"]
[PlyCount "38"]
[EventDate "1991.09.10"]

1. e4 e5 2. Nf3 Nf6 3. Nc3 d6 4. d4 Bg4 5. dxe5 Bxf3 6. Qxf3 dxe5 7. Bg5 Be7 8.
Bc4 O-O 9. Rd1 Qc8 10. Nd5 $4 Nxd5 11. Rxd5 Bxg5 12. Rxe5 Bf6 13. Rf5 Nd7 14.
O-O Ne5 15. Qb3 Nxc4 16. Qxc4 Qe6 17. Qxe6 fxe6 18. Rb5 b6 19. e5 a6 0-1

[Event "Høstturnering"]
[Site "Ås"]
[Date "1991.10.22"]
[Round "5"]
[White "Willåsen, Espen"]
[Black "Skjellum, Eivind"]
[Result "0-1"]
[WhiteElo "545"]
[BlackElo "783"]
[Annotator "Lea,Per"]
[PlyCount "33"]
[EventDate "1991.09.10"]

1. e4 e5 2. d4 d5 3. exd5 exd4 4. Bf4 Bc5 5. Bc4 Nf6 6. Qe2+ Qe7 7. Qxe7+ Bxe7
8. Nf3 O-O 9. O-O Bg4 10. Nc3 dxc3 11. bxc3 Bb4 12. Ne5 Bxc3 13. Rad1 Bxd1 14.
Rxd1 c6 15. Rd3 Ne4 16. dxc6 Nxc6 17. Nxf7 {Her spilte svar et ulovlig
lopertrekk til g6, uten at noen oppdaget det for redaktoren av As-sjakk nr 2/
1991 kommenterte det. Svart satte hvit matti det 44. trekk.} 0-1

[Event "Høstturnering"]
[Site "Ås"]
[Date "1991.10.22"]
[Round "5"]
[White "Hanssen, Fredrik"]
[Black "Køhler, Torbjørn"]
[Result "1-0"]
[WhiteElo "1033"]
[BlackElo "1146"]
[PlyCount "49"]
[EventDate "1991.09.10"]

1. Nf3 Nc6 2. e4 e5 3. Bb5 d6 4. Nc3 Bd7 5. d3 Nf6 6. Nd5 a6 7. Ba4 b5 8. Bb3
Nd4 9. Nxd4 exd4 10. Bg5 Be7 11. Qf3 Bg4 12. Qf4 Nxd5 13. Bxd5 Rb8 14. Bxf7+
Kd7 15. Qxg4+ Kc6 16. Bd5+ Kb6 17. Bxe7 Qxe7 18. a4 Qf6 19. Qd7 c6 20. a5+ Kc5
21. Qxc6+ Kb4 22. O-O Rhc8 23. c3+ dxc3 24. bxc3+ Qxc3 25. Rfb1+ 1-0

[Event "Høstturnering"]
[Site "Ås"]
[Date "1991.10.22"]
[Round "5"]
[White "Furnes, Harald"]
[Black "Wilberg, Alf"]
[Result "1/2-1/2"]
[WhiteElo "1569"]
[BlackElo "1517"]
[PlyCount "79"]
[EventDate "1991.09.10"]

1. d4 Nf6 2. c4 d6 3. Nc3 Nbd7 4. e4 e5 5. d5 Be7 6. Be2 O-O 7. Be3 c6 8. Rc1
Qa5 9. Qd2 a6 10. b3 c5 11. f4 Re8 12. f5 Nf8 13. g4 b5 14. Bf3 h6 15. h4 N6h7
16. g5 bxc4 17. bxc4 Qd8 18. Nh3 Rb8 19. Qg2 Rb4 20. Nd1 Bd7 21. f6 Bxf6 22.
gxf6 Qxf6 23. Ndf2 Ng6 24. Ng4 Bxg4 25. Qxg4 Nf4 26. Bxf4 exf4 27. Rh2 Qd4 28.
Rd2 Qf6 29. Kf1 Nf8 30. h5 Re5 31. Qc8 Ra4 32. Nf2 Ra3 33. Ke2 Re3+ 34. Kd1
Rxf3 35. Ng4 Qg5 36. Nxe5 Qxe5 37. Qf5 Rf1+ 38. Kc2 Rxc1+ 39. Kxc1 Qa1+ 40. Kc2
1/2-1/2

[Event "Høstturnering"]
[Site "Ås"]
[Date "1991.10.22"]
[Round "5"]
[White "Olsen, Trygve"]
[Black "Hanssen, Jon Fredrik"]
[Result "1-0"]
[WhiteElo "1266"]
[BlackElo "985"]
[PlyCount "109"]
[EventDate "1991.09.10"]

1. d4 d5 2. c4 Nc6 3. Nf3 Bf5 4. a3 Nf6 5. Nc3 dxc4 6. d5 Nb8 7. Qd4 e6 8. e4
Bg4 9. Ne5 exd5 10. exd5 Qe7 11. Bxc4 c5 12. dxc6 Be6 13. Bxe6 fxe6 14. Qa4
Nxc6 15. Nxc6 Qd7 16. Ne5 Qxa4 17. Nxa4 Rc8 18. O-O Bd6 19. f4 b5 20. Nc3 a6
21. Bd2 O-O 22. b4 Nd5 23. Ne4 Bc7 24. Nc5 Bb6 25. Ned7 Bxc5+ 26. Nxc5 Rc6 27.
Rae1 Re8 28. f5 e5 29. Re4 a5 30. Rfe1 axb4 31. axb4 Nb6 32. Bc3 Na4 33. Bd4
Rf6 34. Rxe5 Rxe5 35. Rxe5 Rd6 36. Ne6 Nb6 37. Ng5 Nd7 38. Re8+ Nf8 39. Bc5 Rf6
40. Bxf8 Rxf8 41. Rxf8+ Kxf8 42. Ne6+ Ke7 43. Nd4 Kd6 44. Nxb5+ Kc6 45. Nd4+
Kd6 46. b5 Kc5 47. Ne6+ Kxb5 48. Nxg7 Kc6 49. f6 Kd7 50. g4 Kd8 51. h4 Kd7 52.
g5 Kd8 53. h5 Kd7 54. Kf2 Kd8 55. g6 1-0

[Event "Høstturnering"]
[Site "Ås"]
[Date "1991.11.05"]
[Round "6"]
[White "Lea, Per"]
[Black "Isaksson, Tomas"]
[Result "1-0"]
[WhiteElo "1569"]
[BlackElo "1264"]
[PlyCount "33"]
[EventDate "1991.09.10]

1. e4 e5 2. Nf3 Nc6 3. Bc4 Be7 4. d4 d6 5. O-O Nf6 6. h3 O-O 7. Re1 Bd7 8. c3
a6 9. Nbd2 b5 10. Bb3 Qc8 11. Re3 g6 12. Nf1 Nh5 13. Bd5 Nf4 14. Bxc6 Bxh3 15.
g3 Bg2 16. gxf4 Qh3 17. N3h2 1-0

[Event "Høstturnering"]
[Site "Ås"]
[Date "1991.11.05"]
[Round "6"]
[White "Hanssen, Jon Fredrik"]
[Black "Skjellum, Eivind"]
[Result "1-0"]
[WhiteElo "985"]
[BlackElo "783"]
[PlyCount "51"]
[EventDate "1991.09.10"]

1. d4 d5 2. c4 dxc4 3. Qa4+ c6 4. Qxc4 Nf6 5. Nf3 Bg4 6. Ne5 e6 7. Bg5 b6 8.
Nxg4 Nxg4 9. Bxd8 Kxd8 10. d5 b5 11. Qxg4 cxd5 12. e4 a6 13. exd5 Nd7 14. Nd2
Nf6 15. Qd4 exd5 16. a4 Rc8 17. Qb6+ Rc7 18. axb5 Bc5 19. Qb8+ Rc8 20. Qf4 Re8+
21. Be2 Ke7 22. Rxa6 Nd7 23. O-O Kf8 24. Bh5 Re7 25. h3 Re5 26. Qxf7# 1-0

[Event "Høstturnering"]
[Site "Ås"]
[Date "1991.11.05"]
[Round "6"]
[White "Weberg, Øyvind"]
[Black "Wilberg, Alf"]
[Result "1/2-1/2"]
[WhiteElo "1622"]
[BlackElo "1517"]
[PlyCount "45"]
[EventDate "1991.09.10"]

1. c4 b6 2. g3 Bb7 3. Nf3 Nf6 4. Bg2 e6 5. Nc3 Be7 6. O-O d6 7. d3 Nbd7 8. Bd2
O-O 9. Qc2 c5 10. Rfb1 h6 11. a3 Nh7 12. b4 Qc8 13. Nb5 g5 14. a4 g4 15. Bxh6
gxf3 16. Bxf8 Bxf8 17. exf3 Ng5 18. Qe2 Qc6 19. Ra3 a6 20. h4 Nh7 21. Nxd6 Qxd6
22. bxc5 Qxc5 23. Ra2 1/2-1/2

[Event "Høstturnering"]
[Site "Ås"]
[Date "1991.11.05"]
[Round "6"]
[White "Hanssen, Fredrik"]
[Black "Grønvold, Jan"]
[Result "1-0"]
[WhiteElo "1033"]
[BlackElo "1342"]
[PlyCount "47"]
[EventDate "1991.09.10"]

1. e4 c5 2. Nf3 Nf6 3. Nc3 d5 4. exd5 Nxd5 5. Bc4 e6 6. Ne2 Nc6 7. d3 a6 8. c3
b5 9. Bb3 Bd6 10. O-O O-O 11. d4 Bb7 12. Bc2 h6 13. a3 Qc7 14. g3 Rad8 15. Nh4
Nf6 16. Be3 Rfe8 17. Qd2 Ne7 18. Rad1 Qc6 19. f3 Ned5 20. Bxh6 gxh6 21. Qxh6
Ne7 22. Qxf6 Nd5 23. Bh7+ Kxh7 24. Qxf7+ 1-0

[Event "Høstturnering"]
[Site "Ås"]
[Date "1991.11.19"]
[Round "7"]
[White "Isaksson, Tomas"]
[Black "Skaug, Thorbjørn"]
[Result "1/2-1/2"]
[WhiteElo "1263"]
[BlackElo "1143"]
[PlyCount "25"]
[EventDate "1991.09.10"]

1. e4 Nf6 2. e5 Nd5 3. d4 d6 4. c4 Nb6 5. f4 dxe5 6. fxe5 Bf5 7. Be3 e6 8. Nf3
Be7 9. Be2 N8d7 10. O-O O-O 11. Nbd2 f6 12. exf6 Bxf6 13. Nb3 1/2-1/2

[Event "Høstturnering"]
[Site "Ås"]
[Date "1991.11.19"]
[Round "7"]
[White "Furnes, Harald"]
[Black "Lea, Per"]
[Result "1/2-1/2"]
[WhiteElo "1569"]
[BlackElo "1569"]
[PlyCount "35"]
[EventDate "1991.09.10]

1. d4 Nf6 2. c4 g6 3. Nc3 Bg7 4. Nf3 O-O 5. e4 d6 6. Be2 Nbd7 7. h3 e5 8. Be3
b6 9. g4 exd4 10. Nxd4 Nc5 11. Qc2 Bb7 12. f3 a5 13. O-O-O Qe7 14. Bg5 h6 15.
Bxf6 Qxf6 16. h4 Ne6 17. Nxe6 Qxe6 18. h5 1/2-1/2